000 00687nam a2200145 a 4500
008 220712s1989 ||||||||||||||||| || u
050 _aCBU(05)NL/1989/3
110 _aCopperbelt University
245 1 0 _aCBU Newsletter : Issue No.3 October 1989
_cBy The Copperbelt University(CBU)
260 _aKitwe
_bCopperbelt University
_c1989
300 _a13 PAGES
650 _aCOPPERBELT UNIVERSITY--PERIODICALS
995 _aSPECIAL COLLECTIONS
_e4938
_FCBU-MAIN LIBRARY (Kitwe)
_jCBU(05)NL/1989/3
_M2
_UAVAILABLE
_WJul 13, 2022
_yB4938
_ZUniversity Collection
995 _aSPECIAL COLLECTIONS
_e4930
_FCBU-MAIN LIBRARY (Kitwe)
_jCBU(05)NL/1989/3A
_M1
_UAVAILABLE
_WJul 12, 2022
_yB4930
_ZUniversity Collection
999 _c79224
_d79224